Zodpovednosť za vady tovaru a záruka za akosť bakalárska práca

Gespeichert in:
Bibliographische Detailangaben
1. Verfasser: Vaňová, Tatiana
Körperschaft: Obchodná fakulta EU. Katedra obchodného práva
Weitere Verfasser: Vačoková, Lenka, 1983-
Format: Buch
Sprache:Slowakisch
Veröffentlicht: Bratislava 2011
Tags: Tag hinzufügen
Keine Tags, Fügen Sie das erste Tag hinzu!

MARC

LEADER 00000nbm a2200000 4500
001 0132016
005 20161109111426.3
041 0 |a slo 
044 |a SK 
245 1 0 |a Zodpovednosť za vady tovaru a záruka za akosť  |b bakalárska práca  |c Tatiana Vaňová ; školiteľ: Lenka Vačoková 
264 1 |a Bratislava  |c 2011 
300 |a 40 s. 
100 1 |a Vaňová, Tatiana 
700 1 |a Vačoková, Lenka, 1983- 
710 2 |a Obchodná fakulta EU. Katedra obchodného práva